000 00547nam a2200229Ia 4500
003 OSt
005 20221005113721.0
006 a|||||r|||| 00| 0
007 ta
008 221004b |||||||| |||| 00| 0 tam d
024 _a51783
037 _cTextual
040 _aCRL
_cCRL
_btam
041 _2tam
_atam
082 _aTN37, 31J7
100 _aKripalani Au.
_9624811
245 0 _aAdhara kalai
260 _c1957
650 _aEDUCATION
942 _hTN37, 31J7
_cTEXL
_2cc
999 _c1029039
_d1029039